000 00199nam a22001097a 4500
040 _cSK
082 _a581
100 _aNA
245 _aAnimal waste management
260 _aNA
_bNA
_cNA
942 _cEK
999 _c10318
_d10318